[Event "15th Dubai Open"]
[Site "Dubai"]
[Date "2013.04.09"]
[Round "3.22"]
[White "Amin, Bassem"]
[Black "Prathamesh, Sunil Mokal"]
[Result "1-0"]
[LiveChessVersion "1.4.1"]
[BlackElo "2389"]
[WhiteElo "2641"]

1. e4 {[%clk 1:30:13]} c5 {[%clk 1:30:30]} 2. Nf3 {[%clk 1:30:37]} e6
{[%clk 1:30:37]} 3. d3 {[%clk 1:31:03]} Nc6 {[%clk 1:30:56]} 4. g3
{[%clk 1:31:29]} g6 {[%clk 1:31:17]} 5. Bg2 {[%clk 1:31:55]} Bg7 {[%clk 1:31:39]}
6. O-O {[%clk 1:32:19]} Nge7 {[%clk 1:31:56]} 7. c3 {[%clk 1:32:44]} O-O
{[%clk 1:31:05]} 8. d4 {[%clk 1:33:09]} cxd4 {[%clk 1:30:56]} 9. cxd4
{[%clk 1:33:36]} d5 {[%clk 1:30:41]} 10. e5 {[%clk 1:34:02]} f6 {[%clk 1:30:04]}
11. Re1 {[%clk 1:34:23]} fxe5 {[%clk 1:29:11]} 12. dxe5 {[%clk 1:34:37]} Rf5
{[%clk 1:28:48]} 13. Bh3 {[%clk 1:26:09]} Nxe5 {[%clk 1:21:27]} 14. Bxf5
{[%clk 1:24:59]} Nxf3+ {[%clk 1:21:46]} 15. Qxf3 {[%clk 1:25:26]} Nxf5
{[%clk 1:21:46]} 16. Nc3 {[%clk 1:25:08]} Nd4 {[%clk 0:29:57]} 17. Qd1
{[%clk 1:24:48]} Qf8 {[%clk 0:23:02]} 18. Kg2 {[%clk 1:15:43]} Qf5
{[%clk 0:20:30]} 19. g4 {[%clk 1:14:44]} Qf7 {[%clk 0:15:45]} 20. f4
{[%clk 0:47:57]} Bd7 {[%clk 0:15:28]} 21. h3 {[%clk 0:46:30]} Bc6
{[%clk 0:14:58]} 22. Be3 {[%clk 0:42:16]} Nf5 {[%clk 0:12:34]} 23. gxf5
{[%clk 0:41:22]} d4+ {[%clk 0:12:02]} 24. Kh2 {[%clk 0:32:00]} Qxf5
{[%clk 0:10:11]} 25. Rc1 {[%clk 0:30:20]} dxc3 {[%clk 0:04:49]} 26. bxc3
{[%clk 0:30:20]} Qe4 {[%clk 0:00:55]} 27. Qc2 {[%clk 0:27:11]} Qc4
{[%clk 0:00:42]} 28. Qe2 {[%clk 0:26:29]} Qa4 {[%clk 0:00:37]} 29. Bd4
{[%clk 0:25:48]} Re8 {[%clk 0:00:59]} 30. Rcd1 {[%clk 0:25:04]} g5
{[%clk 0:00:37]} 31. c4 {[%clk 0:21:58]} Bxd4 {[%clk 0:00:33]} 32. Rxd4
{[%clk 0:22:23]} Qa5 {[%clk 0:00:38]} 33. Rg1 {[%clk 0:22:33]} h6
{[%clk 0:00:43]} 34. fxg5 {[%clk 0:22:07]} h5 {[%clk 0:01:07]} 35. Rf4
{[%clk 0:19:16]} Qc7 {[%clk 0:00:38]} 36. Rgf1 {[%clk 0:19:25]} e5
{[%clk 0:00:37]} 37. Rf6 {[%clk 0:18:27]} e4+ {[%clk 0:00:32]} 38. R1f4
{[%clk 0:18:40]} Qh7 {[%clk 0:00:44]} 39. Rh6 {[%clk 0:16:36]} Qg7
{[%clk 0:00:50]} 40. Rff6 {[%clk 0:16:51]} Qc7+ {[%clk 0:00:46]} 41. Rd6
{[%clk 0:17:11]} Re7 {[%clk 0:00:46]} 42. Qxh5 {[%clk 0:17:20]} Rh7
{[%clk 0:01:04]} 43. Qg6+ {[%clk 0:17:33]} 1-0

[Event "15th Dubai Open"]
[Site "Dubai"]
[Date "2013.04.09"]
[Round "3.24"]
[White "Aravindh, Chithambaram Vr."]
[Black "Iordachescu, Viorel"]
[Result "1-0"]
[LiveChessVersion "1.4.1"]
[BlackElo "2599"]
[WhiteElo "2333"]

1. e4 g6 2. d4 Bg7 3. Nc3 c6 4. Nf3 d6 5. a4 Nf6 6. Be2 O-O 7. O-O Nbd7 8. h3 e5
9. dxe5 dxe5 10. Qd6 Ne8 11. Qa3 Nc7 12. Bg5 Bf6 13. Bh6 Re8 14. Bc4 Ne6 15. Ne2
Ndc5 16. Rfd1 Qe7 17. Qe3 a5 18. c3 b6 19. Ng3 Ba6 20. Bxe6 Qxe6 21. b4 Nd7 22.
Rd2 Bc8 23. Rad1 axb4 24. cxb4 Rxa4 25. Rd6 Ra1 26. Rxd7 1-0

[Event "15th Dubai Open"]
[Site "Dubai"]
[Date "2013.04.09"]
[Round "3.25"]
[White "Ghaem Maghami, Ehsan"]
[Black "Olsarova, Tereza"]
[Result "1-0"]
[LiveChessVersion "1.4.1"]
[BlackElo "2260"]
[WhiteElo "2561"]

1. c4 e5 2. Nc3 Nf6 3. Nf3 Nc6 4. e3 d5 5. cxd5 Nxd5 6. Qc2 Be7 7. a3 O-O 8. b4
Nxc3 9. dxc3 Bf6 10. Bb2 Qe7 11. Bd3 g6 12. O-O Bg7 13. b5 Nd8 14. a4 Re8 15. Ba3
Qe6 16. Rfd1 b6 17. Be4 Rb8 18. c4 Bb7 19. Bd5 Qc8 20. Rac1 c6 21. bxc6 Bxc6 22.
Ng5 Qa6 23. Bxc6 Nxc6 24. Rd7 Rb7 25. Qd1 Bf8 26. Qd5 1-0

[Event "15th Dubai Open"]
[Site "Dubai"]
[Date "2013.04.09"]
[Round "3.26"]
[White "Al-Sayed, Mohammed"]
[Black "Gameel, Mohamed"]
[Result "1-0"]
[LiveChessVersion "1.4.1"]
[BlackElo "2250"]
[WhiteElo "2517"]

1. d4 Nf6 2. c4 e6 3. Nc3 Bb4 4. e3 b6 5. Nge2 Bb7 6. a3 Be7 7. d5 e5 8. Ng3 g6
9. Bd3 a5 10. O-O O-O 11. f4 d6 12. b3 Nbd7 13. Bb2 Ne8 14. f5 Bg5 15. Qe2 Bh6
16. Rf3 c6 17. dxc6 Bxc6 18. Be4 Qc8 19. Nd5 Bg5 20. Raf1 Ra7 21. fxg6 hxg6 22.
Nf5 Bxd5 23. Bxd5 Ndf6 24. Nxd6 Qd8 25. Nb5 Rd7 26. e4 Nxd5 27. cxd5 Qe7 28. a4
Qd8 29. Qf2 Nc7 30. Na7 Nxd5 31. Nc6 Qc7 32. exd5 Rxd5 33. Nxe5 Rxe5 34. Bxe5
Qxe5 35. Qxb6 Be7 36. Kh1 Bd6 37. Rh3 Rb8 38. Qf2 Rb7 39. Re1 Qd5 40. Qf6 1-0

[Event "15th Dubai Open"]
[Site "Dubai"]
[Date "2013.04.09"]
[Round "3.27"]
[White "Rahman, Ziaur"]
[Black "Mohammed, Tarig Elther"]
[Result "1-0"]
[LiveChessVersion "1.4.1"]
[BlackElo "1993"]
[WhiteElo "2511"]

1. d4 {[%clk 1:30:22]} Nf6 {[%clk 1:21:07]} 2. Bg5 {[%clk 1:30:20]} g6
{[%clk 1:19:30]} 3. Bxf6 {[%clk 1:30:29]} exf6 {[%clk 1:19:52]} 4. e3
{[%clk 1:30:46]} d5 {[%clk 1:18:21]} 5. c4 {[%clk 1:29:37]} Bb4+ {[%clk 1:17:12]}
6. Nc3 {[%clk 1:29:58]} O-O {[%clk 1:17:25]} 7. Qb3 {[%clk 1:26:53]} Bxc3+
{[%clk 1:14:48]} 8. bxc3 {[%clk 1:25:00]} dxc4 {[%clk 1:10:37]} 9. Bxc4
{[%clk 1:21:26]} Nc6 {[%clk 1:10:24]} 10. Be2 {[%clk 1:17:22]} Rb8
{[%clk 1:08:28]} 11. Rd1 {[%clk 1:12:25]} Na5 {[%clk 1:03:33]} 12. Qb4
{[%clk 1:09:52]} b6 {[%clk 1:03:09]} 13. Nf3 {[%clk 1:10:02]} Be6
{[%clk 1:02:06]} 14. d5 {[%clk 1:06:36]} Bd7 {[%clk 1:00:48]} 15. Qf4
{[%clk 0:59:04]} Nb7 {[%clk 0:56:24]} 16. h4 {[%clk 0:57:17]} Nd6
{[%clk 0:43:26]} 17. g4 {[%clk 0:52:56]} Re8 {[%clk 0:41:20]} 18. Rd4
{[%clk 0:52:45]} Qe7 {[%clk 0:33:41]} 19. g5 {[%clk 0:46:46]} f5 {[%clk 0:30:59]}
20. h5 {[%clk 0:44:56]} b5 {[%clk 0:23:25]} 21. Qh2 {[%clk 0:41:50]} Ne4
{[%clk 0:16:30]} 22. hxg6 {[%clk 0:37:43]} fxg6 {[%clk 0:16:49]} 23. Bd1
{[%clk 0:27:43]} Rb6 {[%clk 0:11:48]} 24. Bc2 {[%clk 0:19:20]} c5
{[%clk 0:06:30]} 25. dxc6 {[%clk 0:18:24]} Bxc6 {[%clk 0:05:20]} 26. Bb3+
{[%clk 0:18:28]} Kh8 {[%clk 0:05:42]} 27. Ne5 {[%clk 0:18:23]} Ba8
{[%clk 0:00:52]} 28. Nf7+ {[%clk 0:18:08]} Qxf7 {[%clk 0:00:33]} 29. Bxf7
{[%clk 0:18:27]} Nxg5 {[%clk 0:00:53]} 30. Qh6 {[%clk 0:17:35]} Bxh1
{[%clk 0:00:51]} 31. Bxe8 {[%clk 0:17:52]} Nf3+ {[%clk 0:01:08]} 32. Kf1
{[%clk 0:18:09]} Nxd4 {[%clk 0:01:19]} 33. Qf8# {[%clk 0:18:32]} 1-0

[Event "15th Dubai Open"]
[Site "Dubai"]
[Date "2013.04.09"]
[Round "3.28"]
[White "Visweswaran, K."]
[Black "Harika, Dronavalli"]
[Result "1-0"]
[LiveChessVersion "1.4.1"]
[BlackElo "2509"]
[WhiteElo "2159"]

1. e4 {[%clk 1:30:57]} g6 {[%clk 1:30:45]} 2. d4 {[%clk 1:31:16]} Bg7
{[%clk 1:31:03]} 3. Nc3 {[%clk 1:31:38]} c6 {[%clk 1:30:29]} 4. f4
{[%clk 1:26:05]} d5 {[%clk 1:30:00]} 5. e5 {[%clk 1:26:26]} Nh6 {[%clk 1:29:05]}
6. h3 {[%clk 1:25:32]} Nf5 {[%clk 1:23:03]} 7. Nge2 {[%clk 1:18:15]} h5
{[%clk 1:22:03]} 8. g3 {[%clk 1:18:17]} Na6 {[%clk 1:16:23]} 9. Bg2
{[%clk 1:18:26]} Nc7 {[%clk 1:16:37]} 10. O-O {[%clk 1:15:17]} b6
{[%clk 1:15:03]} 11. a4 {[%clk 1:14:11]} a5 {[%clk 1:13:30]} 12. Qd2
{[%clk 1:03:03]} Ba6 {[%clk 1:03:45]} 13. Rf2 {[%clk 0:57:49]} e6
{[%clk 0:55:54]} 14. Kh2 {[%clk 0:52:25]} Bf8 {[%clk 0:49:58]} 15. Nd1
{[%clk 0:51:39]} c5 {[%clk 0:42:21]} 16. c3 {[%clk 0:49:24]} Bc4 {[%clk 0:31:33]}
17. Ne3 {[%clk 0:46:46]} Bb3 {[%clk 0:30:52]} 18. Nxf5 {[%clk 0:45:18]} gxf5
{[%clk 0:31:20]} 19. Ng1 {[%clk 0:40:59]} Qd7 {[%clk 0:30:30]} 20. Nf3
{[%clk 0:35:53]} c4 {[%clk 0:30:26]} 21. Ng5 {[%clk 0:35:35]} Be7
{[%clk 0:21:32]} 22. Bf3 {[%clk 0:35:41]} Bxa4 {[%clk 0:19:40]} 23. Qe2
{[%clk 0:36:00]} Bxg5 {[%clk 0:18:21]} 24. fxg5 {[%clk 0:36:21]} O-O-O
{[%clk 0:15:32]} 25. Bxh5 {[%clk 0:36:44]} Rh7 {[%clk 0:14:13]} 26. Bf3
{[%clk 0:32:50]} Ne8 {[%clk 0:13:21]} 27. Kg2 {[%clk 0:31:30]} Ng7
{[%clk 0:13:32]} 28. b4 {[%clk 0:26:09]} axb4 {[%clk 0:10:22]} 29. cxb4
{[%clk 0:26:13]} b5 {[%clk 0:10:43]} 30. h4 {[%clk 0:18:46]} Qa7 {[%clk 0:08:19]}
31. Qe3 {[%clk 0:16:57]} Qb6 {[%clk 0:07:00]} 32. Rfa2 {[%clk 0:16:37]} Kb7
{[%clk 0:04:19]} 33. g6 {[%clk 0:16:27]} fxg6 {[%clk 0:04:22]} 34. Qg5
{[%clk 0:16:56]} Ne8 {[%clk 0:02:58]} 35. Qxg6 {[%clk 0:15:59]} Rg7
{[%clk 0:02:52]} 36. Qh6 {[%clk 0:15:58]} Rdd7 {[%clk 0:02:03]} 37. Bg5
{[%clk 0:15:39]} Nc7 {[%clk 0:01:35]} 38. Bf6 {[%clk 0:15:23]} Rh7
{[%clk 0:01:48]} 39. Qe3 {[%clk 0:15:51]} Ne8 {[%clk 0:01:16]} 40. h5
{[%clk 0:16:11]} Rdf7 {[%clk 0:01:11]} 41. Bg5 {[%clk 0:15:45]} Ng7
{[%clk 0:01:31]} 42. h6 {[%clk 0:16:07]} f4 {[%clk 0:01:23]} 43. hxg7
{[%clk 0:03:38]} fxe3 {[%clk 0:01:51]} 44. g8=Q {[%clk 0:04:03]} Rfg7
{[%clk 0:01:18]} 45. Qd8 {[%clk 0:04:10]} Qxd4 {[%clk 0:01:42]} 46. Rd1
{[%clk 0:04:15]} Qxe5 {[%clk 0:01:19]} 47. Rxd5 {[%clk 0:03:37]} exd5
{[%clk 0:01:23]} 48. Bxd5+ {[%clk 0:04:06]} Ka7 {[%clk 0:01:41]} 49. Qa8+
{[%clk 0:04:10]} Kb6 {[%clk 0:02:10]} 50. Qa5# {[%clk 0:04:38]} 1-0

[Event "15th Dubai Open"]
[Site "Dubai"]
[Date "2013.04.09"]
[Round "3.29"]
[White "Davletbayeva, Madina"]
[Black "Ezat, Mohamed"]
[Result "1-0"]
[LiveChessVersion "1.4.1"]
[BlackElo "2461"]
[WhiteElo "2248"]

1. e4 {[%clk 1:30:49]} g6 {[%clk 1:29:05]} 2. d4 {[%clk 1:31:01]} Bg7
{[%clk 1:29:29]} 3. Nc3 {[%clk 1:31:02]} c6 {[%clk 1:29:52]} 4. f4
{[%clk 1:30:21]} d5 {[%clk 1:30:15]} 5. e5 {[%clk 1:30:43]} h5 {[%clk 1:30:37]}
6. Be2 {[%clk 1:30:30]} Nh6 {[%clk 1:30:59]} 7. Nf3 {[%clk 1:30:16]} Bg4
{[%clk 1:30:53]} 8. Be3 {[%clk 1:30:04]} Nf5 {[%clk 1:31:08]} 9. Bf2
{[%clk 1:30:21]} e6 {[%clk 1:21:45]} 10. h3 {[%clk 1:26:54]} Bxf3
{[%clk 1:21:56]} 11. Bxf3 {[%clk 1:27:19]} h4 {[%clk 1:17:53]} 12. Bg4
{[%clk 1:22:14]} Qb6 {[%clk 1:10:17]} 13. Qd2 {[%clk 1:17:08]} Qa6
{[%clk 1:08:41]} 14. Be2 {[%clk 1:15:04]} Qa5 {[%clk 1:08:49]} 15. O-O
{[%clk 1:13:26]} Nd7 {[%clk 1:06:30]} 16. Bd3 {[%clk 1:06:28]} Bf8
{[%clk 1:05:44]} 17. a3 {[%clk 1:02:40]} Qd8 {[%clk 0:59:21]} 18. b4
{[%clk 0:58:19]} a5 {[%clk 0:48:27]} 19. Na4 {[%clk 0:48:44]} b5 {[%clk 0:42:30]}
20. Nc5 {[%clk 0:48:50]} a4 {[%clk 0:42:37]} 21. Qe2 {[%clk 0:40:10]} Nb6
{[%clk 0:31:28]} 22. Qg4 {[%clk 0:36:41]} Qe7 {[%clk 0:28:26]} 23. Rab1
{[%clk 0:31:38]} O-O-O {[%clk 0:27:51]} 24. Qe2 {[%clk 0:30:59]} Qe8
{[%clk 0:27:13]} 25. Qe1 {[%clk 0:30:22]} Be7 {[%clk 0:20:37]} 26. Qe2
{[%clk 0:28:29]} Kc7 {[%clk 0:15:17]} 27. Qe1 {[%clk 0:26:37]} Nc4
{[%clk 0:14:44]} 28. Bxc4 {[%clk 0:25:57]} dxc4 {[%clk 0:14:45]} 29. Ne4
{[%clk 0:24:44]} Qd7 {[%clk 0:10:55]} 30. Rd1 {[%clk 0:23:03]} Rdg8
{[%clk 0:10:42]} 31. Qd2 {[%clk 0:20:20]} Kb8 {[%clk 0:09:27]} 32. Be3
{[%clk 0:18:50]} Rd8 {[%clk 0:08:06]} 33. Qf2 {[%clk 0:18:05]} Qc8
{[%clk 0:07:14]} 34. Qf3 {[%clk 0:15:42]} Rd7 {[%clk 0:07:23]} 35. Kh2
{[%clk 0:15:46]} Bd8 {[%clk 0:06:41]} 36. Bf2 {[%clk 0:14:16]} Bb6
{[%clk 0:06:31]} 1-0

[Event "15th Dubai Open"]
[Site "Dubai"]
[Date "2013.04.09"]
[Round "3.30"]
[White "Schmidt, Jade"]
[Black "Sokolov, Ivan"]
[Result "0-1"]
[LiveChessVersion "1.4.1"]
[BlackElo "2643"]
[WhiteElo "2113"]

1. d4 {[%clk 1:31:00]} Nf6 {[%clk 1:29:20]} 2. c4 {[%clk 1:31:20]} g6
{[%clk 1:29:44]} 3. Nc3 {[%clk 1:31:45]} Bg7 {[%clk 1:30:03]} 4. e4
{[%clk 1:32:10]} d6 {[%clk 1:30:27]} 5. f3 {[%clk 1:32:35]} a6 {[%clk 1:30:54]}
6. Be3 {[%clk 1:32:50]} Nfd7 {[%clk 1:24:51]} 7. Qd2 {[%clk 1:32:47]} h5
{[%clk 1:24:31]} 8. Bd3 {[%clk 1:29:51]} c5 {[%clk 1:18:28]} 9. d5
{[%clk 1:27:48]} Ne5 {[%clk 1:18:04]} 10. Be2 {[%clk 1:21:54]} Nbd7
{[%clk 1:13:58]} 11. h3 {[%clk 1:17:46]} b5 {[%clk 1:10:18]} 12. cxb5
{[%clk 1:02:12]} axb5 {[%clk 1:10:08]} 13. Nxb5 {[%clk 1:02:23]} Nb6
{[%clk 1:07:34]} 14. Qc2 {[%clk 1:00:11]} Ba6 {[%clk 1:03:21]} 15. a4
{[%clk 0:37:12]} O-O {[%clk 0:58:27]} 16. f4 {[%clk 0:36:38]} Nec4
{[%clk 0:55:13]} 17. Bxc4 {[%clk 0:36:20]} Nxc4 {[%clk 0:55:38]} 18. Qxc4
{[%clk 0:36:36]} Qa5+ {[%clk 0:55:56]} 19. Bd2 {[%clk 0:36:56]} Bxb5
{[%clk 0:56:16]} 20. Bxa5 {[%clk 0:37:06]} Bxc4 {[%clk 0:56:40]} 21. Bc3
{[%clk 0:36:20]} f5 {[%clk 0:54:03]} 22. e5 {[%clk 0:31:11]} Bxd5
{[%clk 0:52:12]} 23. Nf3 {[%clk 0:12:49]} Bh6 {[%clk 0:51:34]} 24. O-O
{[%clk 0:08:27]} Bxf4 {[%clk 0:50:19]} 25. Nh4 {[%clk 0:08:53]} Be3+
{[%clk 0:45:35]} 26. Kh1 {[%clk 0:09:18]} Bf7 {[%clk 0:45:41]} 27. exd6
{[%clk 0:01:20]} exd6 {[%clk 0:45:54]} 28. Bf6 {[%clk 0:01:42]} d5
{[%clk 0:42:57]} 29. Nf3 {[%clk 0:01:39]} Be8 {[%clk 0:42:23]} 30. Bg5
{[%clk 0:01:18]} f4 {[%clk 0:42:45]} 31. a5 {[%clk 0:01:37]} Bb5 {[%clk 0:41:45]}
32. Rfd1 {[%clk 0:01:53]} Rf5 {[%clk 0:40:21]} 33. g4 {[%clk 0:00:46]} hxg4
{[%clk 0:40:01]} 34. hxg4 {[%clk 0:01:15]} Be2 {[%clk 0:40:09]} 35. gxf5
{[%clk 0:01:20]} Bxf3+ {[%clk 0:40:33]} 36. Kh2 {[%clk 0:01:45]} Kg7
{[%clk 0:40:26]} 37. f6+ {[%clk 0:00:42]} Kf7 {[%clk 0:40:50]} 38. Bh4
{[%clk 0:00:33]} Rh8 {[%clk 0:41:11]} 39. Kh3 {[%clk 0:00:56]} g5
{[%clk 0:41:33]} 40. a6 {[%clk 0:00:40]} Rxh4# 0-1

[Event "15th Dubai Open"]
[Site "Dubai"]
[Date "2013.04.09"]
[Round "3.31"]
[White "Wen, Yang"]
[Black "Wenzel, Birger"]
[Result "1/2-1/2"]
[LiveChessVersion "1.4.1"]
[BlackElo "2109"]
[WhiteElo "2631"]

1. d4 {[%clk 1:30:55]} d5 {[%clk 1:30:50]} 2. c4 {[%clk 1:31:10]} c6
{[%clk 1:31:13]} 3. Nc3 {[%clk 1:29:22]} Nf6 {[%clk 1:31:32]} 4. Nf3
{[%clk 1:29:44]} a6 {[%clk 1:31:56]} 5. e3 {[%clk 1:28:23]} b5 {[%clk 1:32:15]}
6. c5 {[%clk 1:28:41]} g6 {[%clk 1:32:38]} 7. Be2 {[%clk 1:24:29]} Bg7
{[%clk 1:32:40]} 8. O-O {[%clk 1:24:51]} a5 {[%clk 1:31:21]} 9. Ne5
{[%clk 1:24:19]} Qc7 {[%clk 1:31:29]} 10. f4 {[%clk 1:18:52]} h5 {[%clk 1:29:04]}
11. Bf3 {[%clk 1:19:15]} Bf5 {[%clk 1:28:30]} 12. Bd2 {[%clk 1:19:38]} Nbd7
{[%clk 1:27:55]} 13. a3 {[%clk 1:18:35]} Ne4 {[%clk 1:26:11]} 14. Bxe4
{[%clk 1:13:36]} dxe4 {[%clk 1:26:31]} 15. h3 {[%clk 1:13:28]} f6
{[%clk 1:22:03]} 16. Nxd7 {[%clk 1:09:17]} Qxd7 {[%clk 1:22:23]} 17. Qe2
{[%clk 1:09:41]} Be6 {[%clk 1:14:13]} 18. Rfc1 {[%clk 0:52:05]} f5
{[%clk 1:07:53]} 19. b4 {[%clk 0:45:40]} Bc4 {[%clk 0:55:37]} 20. Qd1
{[%clk 0:44:45]} axb4 {[%clk 0:54:52]} 21. axb4 {[%clk 0:45:09]} Kf7
{[%clk 0:53:44]} 22. Be1 {[%clk 0:41:13]} Bf6 {[%clk 0:45:03]} 23. Bf2
{[%clk 0:41:06]} e6 {[%clk 0:44:35]} 24. Qe1 {[%clk 0:40:25]} Qe7
{[%clk 0:42:07]} 25. Qd2 {[%clk 0:31:09]} Ra7 {[%clk 0:39:30]} 26. Ra5
{[%clk 0:27:11]} Rha8 {[%clk 0:39:05]} 27. Be1 {[%clk 0:23:29]} Qd7
{[%clk 0:33:57]} 28. Rca1 {[%clk 0:22:14]} Bd8 {[%clk 0:33:05]} 29. Rxa7
{[%clk 0:22:39]} Rxa7 {[%clk 0:33:31]} 30. Qc1 {[%clk 0:22:34]} Qb7
{[%clk 0:33:16]} 31. h4 {[%clk 0:22:45]} Qa8 {[%clk 0:33:18]} 32. Rxa7+
{[%clk 0:23:10]} Qxa7 {[%clk 0:33:42]} 33. g3 {[%clk 0:23:35]} Bf6
{[%clk 0:31:58]} 34. Qb2 {[%clk 0:22:04]} Ke8 {[%clk 0:30:09]} 35. Bf2
{[%clk 0:22:22]} Kf7 {[%clk 0:30:32]} 36. Be1 {[%clk 0:22:47]} Ke8
{[%clk 0:30:56]} 37. Bf2 {[%clk 0:23:13]} Kf7 {[%clk 0:31:21]} 1/2-1/2

[Event "15th Dubai Open"]
[Site "Dubai"]
[Date "2013.04.09"]
[Round "3.32"]
[White "Ivana Maria, Furtado"]
[Black "Gupta, Abhijeet"]
[Result "0-1"]
[LiveChessVersion "1.4.1"]
[BlackElo "2591"]
[WhiteElo "2093"]

1. d4 {[%clk 1:30:06]} Nf6 {[%clk 1:30:54]} 2. c4 {[%clk 1:30:19]} e6
{[%clk 1:31:14]} 3. Nf3 {[%clk 1:30:36]} b6 {[%clk 1:31:38]} 4. g3
{[%clk 1:30:54]} Bb7 {[%clk 1:32:02]} 5. Bg2 {[%clk 1:31:14]} c5 {[%clk 1:32:26]}
6. d5 {[%clk 1:31:19]} exd5 {[%clk 1:32:50]} 7. Nh4 {[%clk 1:31:45]} Qc7
{[%clk 1:32:16]} 8. cxd5 {[%clk 1:31:35]} d6 {[%clk 1:32:40]} 9. Nc3
{[%clk 1:31:33]} a6 {[%clk 1:32:29]} 10. a4 {[%clk 1:31:05]} g6 {[%clk 1:32:52]}
11. O-O {[%clk 1:30:27]} Bg7 {[%clk 1:33:16]} 12. e4 {[%clk 1:29:46]} O-O
{[%clk 1:33:07]} 13. f4 {[%clk 1:28:06]} Nbd7 {[%clk 1:33:13]} 14. Be3
{[%clk 1:20:17]} Rfe8 {[%clk 1:32:33]} 15. g4 {[%clk 1:15:41]} b5
{[%clk 1:27:38]} 16. axb5 {[%clk 1:11:26]} Nb6 {[%clk 1:26:08]} 17. Qe2
{[%clk 1:03:06]} Nfxd5 {[%clk 1:24:44]} 18. bxa6 {[%clk 0:57:47]} Nxc3
{[%clk 1:22:13]} 19. bxc3 {[%clk 0:58:02]} Bxe4 {[%clk 1:22:38]} 20. Bxe4
{[%clk 0:56:50]} Rxe4 {[%clk 1:23:03]} 21. Qd3 {[%clk 0:55:30]} Qc6
{[%clk 1:19:39]} 22. Ng2 {[%clk 0:53:12]} Na4 {[%clk 1:17:33]} 23. Bd2
{[%clk 0:43:36]} Rxa6 {[%clk 1:16:10]} 24. Ne3 {[%clk 0:39:33]} c4
{[%clk 1:03:18]} 25. Qd5 {[%clk 0:30:51]} Bxc3 {[%clk 1:02:14]} 0-1

[Event "15th Dubai Open"]
[Site "Dubai"]
[Date "2013.04.09"]
[Round "3.33"]
[White "Shanava, Konstantine"]
[Black "Raghavi, N."]
[Result "1/2-1/2"]
[LiveChessVersion "1.4.1"]
[BlackElo "2096"]
[WhiteElo "2578"]

1. e4 {[%clk 1:30:56]} e5 {[%clk 1:30:54]} 2. Bc4 {[%clk 1:31:11]} Nc6
{[%clk 1:30:45]} 3. Nc3 {[%clk 1:30:58]} Bc5 {[%clk 1:30:01]} 4. d3
{[%clk 1:30:26]} d6 {[%clk 1:29:19]} 5. Nge2 {[%clk 1:29:25]} Nf6
{[%clk 1:26:32]} 6. O-O {[%clk 1:26:43]} Na5 {[%clk 1:23:46]} 7. h3
{[%clk 1:20:50]} Nxc4 {[%clk 1:18:07]} 8. dxc4 {[%clk 1:21:09]} O-O
{[%clk 1:11:45]} 9. Kh1 {[%clk 1:20:00]} Be6 {[%clk 1:01:58]} 10. b3
{[%clk 1:07:42]} Nd7 {[%clk 0:55:51]} 11. f4 {[%clk 1:00:38]} f5 {[%clk 0:53:40]}
12. exf5 {[%clk 0:58:35]} Bxf5 {[%clk 0:50:59]} 13. g4 {[%clk 0:57:42]} Qh4
{[%clk 0:43:58]} 14. Kg2 {[%clk 0:57:29]} Be6 {[%clk 0:38:03]} 15. f5
{[%clk 0:52:21]} Nf6 {[%clk 0:35:08]} 16. fxe6 {[%clk 0:46:35]} Nxg4
{[%clk 0:30:16]} 17. Rf7 {[%clk 0:39:40]} Nf2 {[%clk 0:27:41]} 18. Qd3
{[%clk 0:19:28]} Nxd3 {[%clk 0:24:26]} 19. cxd3 {[%clk 0:17:45]} Rae8
{[%clk 0:24:14]} 20. Bd2 {[%clk 0:14:13]} Rxe6 {[%clk 0:22:18]} 21. Rxf8+
{[%clk 0:14:38]} Kxf8 {[%clk 0:22:40]} 22. Ne4 {[%clk 0:14:59]} g5
{[%clk 0:14:00]} 23. Rf1+ {[%clk 0:11:51]} Kg7 {[%clk 0:13:22]} 24. N2g3
{[%clk 0:11:45]} Kg6 {[%clk 0:11:00]} 25. Nf5 {[%clk 0:07:29]} Qf4
{[%clk 0:08:12]} 26. Bxf4 {[%clk 0:07:54]} exf4 {[%clk 0:08:35]} 27. b4
{[%clk 0:08:22]} Bb6 {[%clk 0:07:08]} 28. c5 {[%clk 0:08:33]} Kxf5
{[%clk 0:06:54]} 29. cxb6 {[%clk 0:08:52]} axb6 {[%clk 0:07:17]} 30. b5
{[%clk 0:05:01]} d5 {[%clk 0:06:16]} 31. Nc3 {[%clk 0:05:22]} c6 {[%clk 0:05:31]}
32. Rb1 {[%clk 0:04:24]} Re3 {[%clk 0:05:18]} 33. bxc6 {[%clk 0:04:19]} bxc6
{[%clk 0:05:07]} 34. Rxb6 {[%clk 0:04:45]} Rg3+ {[%clk 0:04:40]} 35. Kh2
{[%clk 0:02:52]} d4 {[%clk 0:04:32]} 36. Nb1 {[%clk 0:02:34]} Rxd3
{[%clk 0:03:55]} 37. a4 {[%clk 0:02:32]} h5 {[%clk 0:03:08]} 38. Rxc6
{[%clk 0:01:37]} g4 {[%clk 0:02:20]} 39. hxg4+ {[%clk 0:01:22]} hxg4
{[%clk 0:02:39]} 40. Rc5+ {[%clk 0:00:53]} Ke6 {[%clk 0:02:05]} 41. a5
{[%clk 0:00:42]} Rb3 {[%clk 0:01:30]} 42. Rc1 {[%clk 0:00:52]} Rb2+
{[%clk 0:01:31]} 43. Kg1 {[%clk 0:01:06]} Ra2 {[%clk 0:01:28]} 44. Rd1
{[%clk 0:01:01]} Ke5 1/2-1/2

[Event "15th Dubai Open"]
[Site "Dubai"]
[Date "2013.04.09"]
[Round "3.34"]
[White "Adhiban, B."]
[Black "Nekrasova, Elena"]
[Result "1-0"]
[LiveChessVersion "1.4.1"]
[BlackElo "2089"]
[WhiteElo "2555"]

1. e4 {[%clk 1:30:25]} c5 {[%clk 1:30:53]} 2. Nf3 {[%clk 1:30:24]} Nc6
{[%clk 1:31:16]} 3. d4 {[%clk 1:30:52]} cxd4 {[%clk 1:31:41]} 4. Nxd4
{[%clk 1:31:20]} Nf6 {[%clk 1:31:54]} 5. Nc3 {[%clk 1:31:46]} e6 {[%clk 1:32:19]}
6. Ndb5 {[%clk 1:31:57]} Bb4 {[%clk 1:32:36]} 7. a3 {[%clk 1:32:21]} Bxc3+
{[%clk 1:32:53]} 8. Nxc3 {[%clk 1:32:49]} d5 {[%clk 1:33:14]} 9. exd5
{[%clk 1:33:13]} exd5 {[%clk 1:33:39]} 10. Bd3 {[%clk 1:33:37]} d4
{[%clk 1:33:54]} 11. Ne2 {[%clk 1:33:47]} O-O {[%clk 1:34:05]} 12. O-O
{[%clk 1:34:11]} Bg4 {[%clk 1:33:39]} 13. Bg5 {[%clk 1:33:17]} Qd6
{[%clk 1:33:51]} 14. Qd2 {[%clk 1:32:33]} Bxe2 {[%clk 1:31:35]} 15. Bf4
{[%clk 1:32:36]} Qd5 {[%clk 1:23:56]} 16. Bxe2 {[%clk 1:31:29]} Ne4
{[%clk 1:14:04]} 17. Qd3 {[%clk 1:31:43]} Ne5 {[%clk 1:04:48]} 18. Bxe5
{[%clk 1:24:19]} Qxe5 {[%clk 1:04:24]} 19. f4 {[%clk 1:24:47]} Qd5
{[%clk 0:51:27]} 20. c4 {[%clk 1:15:44]} Qc6 {[%clk 0:46:55]} 21. Qxd4
{[%clk 1:02:42]} Rad8 {[%clk 0:44:29]} 22. Qxa7 {[%clk 0:47:42]} b6
{[%clk 0:18:31]} 23. Qe7 {[%clk 0:47:45]} Nd2 {[%clk 0:17:28]} 24. Rfe1
{[%clk 0:45:24]} Nxc4 {[%clk 0:14:59]} 25. Qb4 {[%clk 0:34:15]} b5
{[%clk 0:10:53]} 26. Rac1 {[%clk 0:25:08]} Qb6+ {[%clk 0:09:36]} 27. Kh1
{[%clk 0:25:23]} Qf2 {[%clk 0:09:24]} 28. Qxb5 {[%clk 0:22:10]} Ne3
{[%clk 0:09:12]} 29. Bf3 {[%clk 0:22:12]} Rd2 {[%clk 0:09:24]} 30. Re2
{[%clk 0:20:07]} Rc2 {[%clk 0:08:14]} 31. Rexc2 {[%clk 0:18:24]} Nxc2
{[%clk 0:08:23]} 32. Qe2 {[%clk 0:18:23]} Qxe2 {[%clk 0:07:56]} 33. Bxe2
{[%clk 0:18:52]} Nd4 {[%clk 0:08:12]} 34. Ba6 {[%clk 0:17:12]} g6
{[%clk 0:07:44]} 35. g3 {[%clk 0:17:26]} Kg7 {[%clk 0:07:30]} 36. Rc8
{[%clk 0:17:46]} Rxc8 {[%clk 0:07:44]} 37. Bxc8 {[%clk 0:18:15]} Nf3
{[%clk 0:07:26]} 38. Bb7 {[%clk 0:16:59]} Nd2 {[%clk 0:07:33]} 39. Bd5
{[%clk 0:17:20]} 1-0